01499nam a22003137a 4500003000400000005001700004008004100021040002200062082001800084100003200102245004300134260004700177300001900224366000800243490001300251505021200264505019400476505000900670650004600679650005000725650004400775650004800819650004300867650005500910650004700965942002901012999001501041952012901056OSt20230503171001.0221006b |||||||| |||| 00| 0 eng d cBiblioteca Lado V a709.05bR643f 9825aRoberts, Jameseeditor aFrieze/bContemporary Art And Culture/ bDurian Publications Ltd.aInglaterrac2005 c23x30cma132p. eeng a91v2005 tMIDDLEaTHE COLLECTOR Hans-Peter Secrets and Lies One Atom that was you Torsten Slama Joost Conijn Kate Davis Rezi Van Lankveld City Report The Memorial to the Murdered Jews of Europe Questionnaire tBACKaAn Aside Camden Arts Centre Greater New York Mathew Weir Stanley Brown Jules de Balincourt Artlab MOT Depth OF fIELD Richard Allen Morris Vibeke Tandberg Circling the Square  tBACK 2Tesauro de Arte & ArquitecturaaARTE9703 2Tesauro de Arte & ArquitecturaaEXPOSICIONES  2Tesauro de Arte & ArquitecturaaCULTURA 2Tesauro de Arte & ArquitecturaaAPRECIACION 2Tesauro de Arte & ArquitecturaaTEORIA 2Tesauro de Arte & ArquitecturaaARTE CONTEMPORANEO 2Tesauro de Arte & ArquitecturaaINGLATERRA 2ddcc1h709.05iR643fn0 c3554d3554 00102ddc3200540708RevistasaLVbLVd2023-05-03h91i003377l0o709.05 R643fp003377r2023-05-03 00:00:00w2023-05-03y1